000 00560nam a22001937a 4500
003 OSt
005 20160629151801.0
008 160629b xxu||||| |||| 00| 0 eng d
020 _a0801643384
040 _c040a
082 _aWA 546
_bS85p 1991
100 _aSaucier, Karen A.
_99733
245 _aPerspective in family and community health /
_cKaren A. Saucier
260 _aSt. Loius
_bMosby
_c1991
300 _axx, 412p;
_bill :
_c15 cm.
504 _aIncludes bibliographical references and index
650 _aCommunity health
_92112
942 _2z
_cO_SHELF
999 _c4541
_d4541